The platform: its rise and progress /

Bibliographic Details
Main Author: Jephson, Henry (Henry Lorenzo)
Format: Book
Language:English
Published: London : Cass, 1968.
Series:Reprints of economic classics
Subjects:

MARC

Tag First Indicator Second Indicator Subfields
LEADER 00000cam a2200000 4500
001 in00000202002
005 20151009064913.0
008 791005r19681892nyu b 00010 eng d
035 |a (OCoLC)05471393 
035 |9 AAY3048AM 
040 |a TXA  |c TXA  |d UtOrBLW 
049 |a TXAM  |v 1 [480966]  |v 2 [480967] 
090 |a JN1117  |b .J4 1968a 
100 1 |a Jephson, Henry  |q (Henry Lorenzo) 
245 1 4 |a The platform: its rise and progress /  |c [by] Henry Jephson. 
264 1 |a London :  |b Cass,  |c 1968. 
300 |a 2 volumes 
336 |a text  |b txt  |2 rdacontent 
337 |a unmediated  |b n  |2 rdamedia 
338 |a volume  |b nc  |2 rdacarrier 
490 0 |a Reprints of economic classics 
500 |a Reprint of 1st edition, 1892. 
500 |a Imprint covered by label: New York, A.M. Kelley, 1968. 
504 |a Bibliographical footnotes. 
651 0 |a Great Britain  |x Politics and government. 
999 |a MARS 
999 f f |s 7bfe9178-d65c-34a7-9b8f-24a1afdf01cf  |i 178f6ed7-1aeb-3669-b51b-fa07ac5f6c01  |t 0 
952 f f |p ric  |a Texas A&M University  |b Rellis Campus  |c Joint Library Facility  |d Remote Storage  |t 0  |e JN1117 .J4 1968a  |h Library of Congress classification  |i unmediated -- volume  |k v.2  |m A14803113299 
952 f f |p ric  |a Texas A&M University  |b Rellis Campus  |c Joint Library Facility  |d Remote Storage  |t 0  |e JN1117 .J4 1968a  |h Library of Congress classification  |i unmediated -- volume  |k v.1  |m A14803113281 
998 f f |a JN1117 .J4 1968a  |s v.1-v.2  |t 0  |l Remote Storage